|
|
|
|
| LEADER |
00000cam a2200000 c 4500 |
| 001 |
1087966795 |
| 003 |
DE-627 |
| 005 |
20240425201035.0 |
| 007 |
tu |
| 008 |
890626s1987 xx ||||| 00| ||eng c |
| 035 |
|
|
|a (DE-627)1087966795
|
| 035 |
|
|
|a (DE-576)017966795
|
| 035 |
|
|
|a (DE-599)BSZ017966795
|
| 035 |
|
|
|a (OCoLC)311155554
|
| 040 |
|
|
|a DE-627
|b ger
|c DE-627
|e rakwb
|
| 041 |
|
|
|a eng
|
| 084 |
|
|
|a 0
|2 ssgn
|
| 100 |
1 |
|
|0 (DE-588)138947643
|0 (DE-627)607411171
|0 (DE-576)163222347
|4 aut
|a Streeter, Burnett Hillman
|d 1874-1937
|
| 109 |
|
|
|a Streeter, Burnett Hillman 1874-1937
|a Hillman Streeter, Burnett 1874-1937
|a Streeter, B. H. 1874-1937
|a Streeter, Burnett H. 1874-1937
|
| 245 |
1 |
4 |
|a The Sadhu
|b a study in mysticism and practical religion
|c by B. H. Streeter and A. J. Appasamy
|
| 250 |
|
|
|a Repr.
|
| 264 |
|
1 |
|a Delhi
|b Mittal Publ.
|c 1987
|
| 300 |
|
|
|a XXI, 264 S.
|b Ill.
|
| 336 |
|
|
|a Text
|b txt
|2 rdacontent
|
| 337 |
|
|
|a ohne Hilfsmittel zu benutzen
|b n
|2 rdamedia
|
| 338 |
|
|
|a Band
|b nc
|2 rdacarrier
|
| 583 |
1 |
|
|a Archivierung prüfen
|c 20200919
|f DE-640
|z 1
|2 pdager
|
| 583 |
1 |
|
|a Archivierung/Langzeitarchivierung gewährleistet
|f SSG
|x XA-DE-BW
|2 pdager
|5 DE-21
|
| 601 |
|
|
|a Religion
|
| 700 |
1 |
|
|0 (DE-588)126969205
|0 (DE-627)382366190
|0 (DE-576)165628855
|4 aut
|a Appasamy, Ayadurai Jesudasan
|d 1891-1975
|
| 951 |
|
|
|a BO
|
| ELC |
|
|
|b 1
|
| ITA |
|
|
|a 1
|t 1
|
| LOK |
|
|
|0 000 xxxxxcx a22 zn 4500
|
| LOK |
|
|
|0 001 213126674X
|
| LOK |
|
|
|0 003 DE-627
|
| LOK |
|
|
|0 004 1087966795
|
| LOK |
|
|
|0 005 20010126000000
|
| LOK |
|
|
|0 008 890626||||||||||||||||ger|||||||
|
| LOK |
|
|
|0 040
|a DE-21
|c DE-627
|d DE-21
|
| LOK |
|
|
|0 852
|a DE-21
|
| LOK |
|
|
|0 852 1
|c 29 A 4801
|9 00
|
| LOK |
|
|
|0 935
|a sued
|
| LOK |
|
|
|0 939
|a 26-06-89
|b l01
|
| ORI |
|
|
|a SA-MARC-ixtheoa001.raw
|
| REL |
|
|
|a 1
|
| SUB |
|
|
|a REL
|